[Event "BAN-chT2"]
[Site "Dhaka"]
[Date "2022.07.23"]
[Round "6.1"]
[White "Muhammad Abtahi, Abrar"]
[Black "Mohammad Nazrul, Islam"]
[Result "0-1"]
[WhiteElo "1391"]
[BlackElo "1915"]
[PlyCount "66"]
[EventDate "2022.07.18"]
[EventType "team-swiss"]
[EventRounds "9"]
[EventCountry "BAN"]
[SourceTitle "EXT 2023"]
[Source "ChessBase"]
[SourceDate "2022.10.05"]
[SourceVersion "1"]
[SourceVersionDate "2022.10.05"]
[SourceQuality "1"]
[WhiteTeam "Elegant Int CA Utta"]
[BlackTeam "Morning Glory"]
[WhiteTeamCountry "BAN"]
[BlackTeamCountry "BAN"]

1. d4 d5 2. Bf4 c6 3. Nf3 Bf5 4. e3 Nd7 5. Bd3 Bxd3 6. cxd3 Ngf6 7. Nc3 e6 8. a3 h6 9. Rc1 Be7 10. e4 0-0 11. 0-0 Nh5 12. Be3 Nhf6 13. h3 Nh7 14. Ne5 Nxe5 15. dxe5 d4 16. Bxh6 dxc3 17. Qg4 Bg5 18. Bxg7 Kxg7 19. f4 cxb2 20. Rb1 Kh8 21. fxg5 Qxg5 22. Qxg5 Nxg5 23. Rxb2 b6 24. h4 Nh7 25. Rbf2 Kg7 26. g4 Rad8 27. Rf3 Rd7 28. g5 Rh8 29. Rg3 Nf8 30. Rf4 Ng6 31. Rf6 Rxh4 32. Rgf3 Rg4+ 33. Kf2 Rxg5 0-1

[Event "BAN-chT2"]
[Site "Dhaka"]
[Date "2022.07.19"]
[Round "2.1"]
[White "Mohammad Nazrul, Islam"]
[Black "Md Faizul, Haque"]
[Result "1-0"]
[WhiteElo "1915"]
[BlackElo "1775"]
[PlyCount "145"]
[EventDate "2022.07.18"]
[EventType "team-swiss"]
[EventRounds "9"]
[EventCountry "BAN"]
[SourceTitle "EXT 2023"]
[Source "ChessBase"]
[SourceDate "2022.10.05"]
[SourceVersion "1"]
[SourceVersionDate "2022.10.05"]
[SourceQuality "1"]
[WhiteTeam "Morning Glory"]
[BlackTeam "Goualanondo CC"]
[WhiteTeamCountry "BAN"]
[BlackTeamCountry "BAN"]

1. d4 d5 2. Bf4 e6 3. Nf3 Bd6 4. Bxd6 cxd6 5. c3 Nf6 6. e3 Nc6 7. Nbd2 b6 8. Bd3 Bd7 9. 0-0 h6 10. a3 a6 11. Rc1 b5 12. h3 0-0 13. Qe2 e5 14. e4 dxe4 15. Nxe4 Nxe4 16. Bxe4 Re8 17. dxe5 dxe5 18. Rcd1 Qc7 19. Qd3 Rad8 20. Qd6 Qc8 21. Qc5 Nb8 22. Qxc8 Rxc8 23. Rd6 Rc7 24. Rfd1 Kf8 25. Rb6 Bc6 26. Bxc6 Rxc6 27. Rxb8 Rxb8 28. Nxe5 Rcb6 29. Nd7+ Ke7 30. Nxb8 Rxb8 31. f3 Ke6 32. Kf2 Rb7 33. Ke3 f5 34. g4 Re7 35. Kf2 Rf7 36. Rd8 fxg4 37. hxg4 Rf6 38. Ke3 g5 39. b3 Ke5 40. Rd4 a5 41. Re4+ Kd5 42. c4+ bxc4 43. Rxc4 Rb6 44. Rd4+ Ke5 45. b4 axb4 46. Rxb4 Ra6 47. a4 Kd5 48. Rb5+ Kc4 49. Rb8 Re6+ 50. Kf2 Ra6 51. a5 Kc5 52. Rb6 Rxa5 53. Rxh6 Kd4 54. Rf6 Ra8 55. Rf5 Rg8 56. Kg3 Rg7 57. f4 gxf4+ 58. Kxf4 Rg8 59. g5 Rh8 60. Rf6 Rh1 61. Kf5 Rf1+ 62. Kg6 Rg1 63. Re6 Kd5 64. Re2 Rg3 65. Kh6 Rh3+ 66. Kg7 Rg3 67. g6 Rg1 68. Kh7 Rh1+ 69. Kg8 Rg1 70. g7 Kd6 71. Rh2 Ke7 72. Kh8 Kf7 73. Rh7 1-0